Llei 5/2005, de 2 de maig, de la Comissió Jurídica Assessora
Descripción Física:
19 p. ; 21 cm
Colección:
Textos legislatius ; 48
Materias:
Comissió Jurídica Assessora
MARC
| LEADER | 00000nam a2200000Ia 4500 | ||
|---|---|---|---|
| 001 | 18808 | ||
| 008 | 160829s2007 xx 000 0 cat d | ||
| 080 | |a FU-51-39 | ||
| 100 | |a Catalunya. Llei de la Comissió Jurídica Assessora (2005) |9 44292 | ||
| 245 | |a Llei 5/2005, de 2 de maig, de la Comissió Jurídica Assessora | ||
| 250 | |a Ed. no venal | ||
| 260 | |a Barcelona : |b Parlament de Catalunya, |c 2007 | ||
| 300 | |a 19 p. ; |c 21 cm | ||
| 490 | |a Textos legislatius ; 48 | ||
| 650 | |a Comissió Jurídica Assessora |9 44293 | ||
| 710 | 1 | |a Catalunya. |b Parlament |9 11492 | |
| 901 | |a Arxiu | ||
| 942 | |n 1 | ||
| 952 | |0 0 |1 0 |4 0 |6 FU5139 |7 1 |9 51879 |a Arxiu |b Arxiu |d 2016-12-01 |l 0 |o FU-51-39 |p 18808 |r 2016-12-01 00:00:00 |w 2016-12-01 |y ARXIU | ||
| 999 | |c 55725 |d 55725 | ||